000 004360000a22001690004500
003 MACL
005 20151230144539.0
008 151230b xxu||||| |||| 00| 0 eng d
040 _aMACL
_cMACL
041 _aEnglish
082 _a320/BHA
100 _aBhargava, G S
_915321
245 _aSuccess or Surrender The Simla Summit
260 _bSterling Publishing
_c1972
650 _aPolitical Science
_924960
942 _cBK
_k320/Bha
_2ddc
999 _c36003
_d36003